000 00596nam a22002177a 4500
003 Nust
005 20211216104128.0
008 170109b xxu||||| |||| 00| 0 eng d
020 _a8178084236
038 _aKhadija
040 _cc
082 _a670.427
_bMCM
100 _aMcMahon,Chris
_981120
245 _aCAD CAM Principles, Practice and Manufacturing Management /
_cChris McMahon
250 _a2nd ed.
260 _aNee Delhi:
_bPearson;
_c2005.
300 _a687p: ,
_b24 cm.
500 _apaperback.
563 _aPB
942 _cBK
_2ddc
_ePearson Education, Low Price Edition (LPE)
999 _c31709
_d31709